[Event "La Zubia op"]
[Site "La Zubia"]
[Date "2023.12.08"]
[Round "4"]
[White "Sanchez Perez, Adrian II"]
[Black "Paris Fernandez, Alejandro"]
[Result "0-1"]
[WhiteElo "1461"]
[BlackElo "1888"]
[PlyCount "52"]
[EventDate "2023.12.07"]
[EventType "swiss"]
[EventRounds "7"]
[EventCountry "ESP"]
[SourceTitle "CB50_2023"]
[SourceDate "2023.12.13"]
[SourceVersion "1"]
[SourceVersionDate "2023.12.13"]
[SourceQuality "1"]

1. e4 c5 2. Nf3 e6 3. d4 cxd4 4. Nxd4 Nf6 5. Nc3 Nc6 6. Ndb5 Bc5 7. Nd6+ Ke7 8. Bf4 e5 9. Nf5+ Kf8 10. Bg5 d6 11. Bd3 Be6 12. a3 h6 13. Be3 Bxf5 14. exf5 Bxe3 15. fxe3 d5 16. e4 Nxe4 17. Bxe4 dxe4 18. Nxe4 Qh4+ 19. Ng3 Rd8 20. Qb1 Qc4 21. c3 e4 22. Ne2 Ne5 23. Nc1 e3 24. f6 Nf3+ 25. gxf3 Qh4+ 26. Ke2 Qf2# 0-1